Základy manažmentu Praktikum

Gespeichert in:
Bibliographische Detailangaben
1. Verfasser: Majtán, Miroslav
Körperschaft: Ekonomická univerzita v Bratislave. Fakulta podnikového manažmentu
Format: Buch
Sprache:Slowakisch
Veröffentlicht: Bratislava EU 1994
Ausgabe:2. vyd.
Schlagworte:
Tags: Tag hinzufügen
Keine Tags, Fügen Sie das erste Tag hinzu!

MARC

LEADER 00000nam a2200000 4500
001 c005620
005 20221214075202.0
020 |a 80-225-0592-7 
041 0 |a slo 
044 |a SK 
245 1 0 |a Základy manažmentu  |b Praktikum  |c Miroslav Majtán a kol. 
250 |a 2. vyd. 
264 1 |a Bratislava  |b EU  |c 1994 
300 |a 126 s. 
610 2 0 |a manažment 
610 2 0 |a riadenie podnikové 
610 2 0 |a štruktúra podniku organizačná 
610 2 0 |a stratégia podniková 
610 2 0 |a manažéri 
100 1 |a Majtán, Miroslav 
710 2 |a Ekonomická univerzita v Bratislave. Fakulta podnikového manažmentu